Los desmembrados : según Orozco, por Roberto Cortázar /
Guardat en:
| Autor principal: | |
|---|---|
| Altres autors: | , , , , , , |
| Format: | Llibre |
| Idioma: | espanyol |
| Publicat: |
México :
Museo Nacional de Arte,
2009, c2009
|
| Matèries: | |
| Etiquetes: |
Sense etiquetes, Sigues el primer a etiquetar aquest registre!
|
MARC
| LEADER | 00000nam^a2200000^a^4500 | ||
|---|---|---|---|
| 001 | 000562757 | ||
| 005 | 20250526000000.0 | ||
| 008 | 230804 | ||
| 009 | 20260310131951.859 | ||
| 020 | |a 978-607-7622-57-4 | ||
| 020 | |a 978-607-7622-57-4 | ||
| 037 | |a Acervo ITESO - Biblioteca | ||
| 041 | |a ESP | ||
| 082 | |a 759. 972 |b COR BAZ | ||
| 100 | |a Cortázar, Roberto |e (pintor y curaduría) | ||
| 245 | 1 | 4 | |a Los desmembrados : |b según Orozco, por Roberto Cortázar / |c Pintor y curaduría R. Cortázar ; curaduría y texto de S.G. Baz Sánchez ; texto de D.R. Cartwright, E. Madrid Gómez ; presen. de C. Sáizar, T. Vicencio, R. Hernández Ramírez, M. Fernández Félix. |
| 264 | 4 | |a México : |b Museo Nacional de Arte, |c 2009, c2009 | |
| 300 | |a 161 p. ; |c 25.0 cm. | ||
| 336 | |a texto |b txt |2 rdacontenido | ||
| 337 | |a sin mediación |b n |2 rdamedio | ||
| 338 | |a volumen |b nc |2 rdasoporte | ||
| 649 | |a XX | ||
| 650 | |a Pintores Mexicanos | ||
| 650 | |a Artistas Mexicanos | ||
| 650 | |a Cuerpo Humano en la Pintura - |z México - |x Historia y Crítica | ||
| 650 | |a Cuerpo Humano en la Pintura - |x Historia y Crítica | ||
| 650 | |a Cuerpo Humano en el Arte - |z México - |x Historia y Crítica | ||
| 650 | |a Pintura Moderna - |z México - |x Historia y Crítica | ||
| 650 | |a Pintura (Tendencias Recientes) - |z México - |x Historia y Crítica | ||
| 650 | |a Pintura Mexicana - |x Historia y Crítica | ||
| 650 | |a Pintura Mexicana - |y Siglo XX | ||
| 650 | |a Pintura Mexicana - |y Siglo XXI | ||
| 650 | |a Arte (Tendencias Recientes) - |z México - |x Historia y Crítica | ||
| 650 | |a Arte Mexicano - |x Historia y Crítica | ||
| 650 | |a Arte Mexicano - |y Siglo XX | ||
| 650 | |a Arte Mexicano - |y Siglo XXI | ||
| 650 | |a Orozco, José Clemente - |x Tema Principal | ||
| 650 | |a Cortázar, Roberto - |x Tema Principal | ||
| 700 | |a Baz Sánchez, Sara Gabriela |e (curaduría y texto) | ||
| 700 | |a Cartwright, Derrick R. |e (texto) | ||
| 700 | |a Madrid Gómez, Edward |e (texto) | ||
| 700 | |a Sáizar, Consuelo |e (presentación) | ||
| 700 | |a Vicencio, Teresa |e (presentación) | ||
| 700 | |a Hernández Ramírez, Roberto |e (presentación) | ||
| 700 | |a Fernández Félix, Miguel |e (presentación) | ||
| 910 | |a Fondo General | ||
| 920 | |a Impresos - Libros | ||
| 930 | |a Libros Antiguos y Raros | ||
| 905 | |a 108 | ||
| 901 | |a 0500399997 |b IT2 |c LRA |i D73115 |u 20250526 | ||
| 902 | |a https://opac.biblio.iteso.mx/vufind/Record/000562757 | ||